[Event "Lille Luce op 6th"]
[Site "Lille"]
[Date "2015.05.05"]
[Round "2"]
[White "Duee, Paul"]
[Black "Rosenauer, Horst"]
[Result "0-1"]
[WhiteElo "1650"]
[BlackElo "1966"]
[PlyCount "80"]
[EventDate "2015.05.04"]
[EventType "swiss"]
[EventRounds "9"]
[EventCountry "FRA"]
[SourceTitle "EXT 2017"]
[Source "ChessBase"]
[SourceDate "2016.10.25"]
[SourceVersion "1"]
[SourceVersionDate "2016.10.25"]
[SourceQuality "1"]

1. d4 Nf6 2. c4 e6 3. Nc3 Bb4 4. Bg5 h6 5. Bxf6 Qxf6 6. a3 Bxc3+ 7. bxc3 0-0 8. Nf3 c5 9. e4 d6 10. e5 dxe5 11. Nxe5 Rd8 12. Nf3 Nc6 13. Ra2 Na5 14. Be2 b6 15. 0-0 Ba6 16. Ne5 Rac8 17. f4 cxd4 18. cxd4 Bxc4 19. Rd2 Bd5 20. Bg4 Nc4 21. Nxc4 Rxc4 22. f5 Qg5 23. fxe6 Qe3+ 24. Kh1 Bxe6 25. Bxe6 Qxe6 26. d5 Qd6 27. Qf3 Rc7 28. Qh5 Qxa3 29. Rdf2 Rdd7 30. Re2 Rc8 31. Ref2 Rf8 32. Rf3 Qd6 33. Rg3 Re7 34. Qg4 f5 35. Qd4 Qe5 36. Qh4 Rf6 37. Rd3 Qe4 38. Qh3 Rd6 39. Qf3 Qxf3 40. Rdxf3 Rxd5 0-1

[Event "Lille Luce op 4th"]
[Site "Lille"]
[Date "2013.04.14"]
[Round "2"]
[White "De Lagontrie, Jean"]
[Black "Duee, Paul"]
[Result "1-0"]
[WhiteElo "1874"]
[BlackElo "1689"]
[PlyCount "45"]
[EventDate "2013.04.13"]
[EventType "swiss"]
[EventRounds "9"]
[EventCountry "FRA"]
[SourceTitle "CBM 154 Extra"]
[Source "ChessBase"]
[SourceDate "2013.06.25"]
[SourceVersion "2"]
[SourceVersionDate "2013.06.25"]
[SourceQuality "1"]

1. d4 d5 2. c4 e6 3. Nc3 Nf6 4. cxd5 exd5 5. Bg5 c6 6. Qc2 Nbd7 7. e3 Be7 8. Bd3 0-0 9. Nf3 h6 10. Bh4 Re8 11. 0-0 Qc7 12. Rac1 Qb8 13. h3 Bd6 14. Ne2 a5 15. Bg3 Ne4 16. Bxd6 Nxd6 17. Ng3 Nf6 18. Ne5 Be6 19. f4 Qc8 20. Kh2 Nd7 21. f5 Nxe5 22. dxe5 Nc4 23. Bxc4 1-0

[Event "Lille Luce op 2nd"]
[Site "Lille"]
[Date "2011.04.28"]
[Round "5"]
[White "Renard, Stephane"]
[Black "Duee, Paul"]
[Result "1-0"]
[WhiteElo "1973"]
[BlackElo "1749"]
[PlyCount "59"]
[EventDate "2011.04.25"]
[EventType "swiss"]
[EventRounds "9"]
[EventCountry "FRA"]
[SourceTitle "EXT 2020"]
[Source "ChessBase"]
[SourceDate "2019.10.17"]
[SourceVersion "1"]
[SourceVersionDate "2019.10.17"]
[SourceQuality "1"]

1. f4 d5 2. Nf3 Nf6 3. b3 e6 4. Bb2 Be7 5. e3 0-0 6. d4 Bd7 7. Bd3 Nc6 8. Nbd2 Nb4 9. Be2 c5 10. a3 Nc6 11. Bd3 b6 12. 0-0 h6 13. Ne5 cxd4 14. exd4 Rc8 15. Rf3 Be8 16. Rh3 Ne4 17. Nxe4 dxe4 18. Bxe4 f5 19. Bxc6 Bxc6 20. Nxc6 Rxc6 21. Rc3 Rd6 22. Rd3 Rf7 23. Qd2 g5 24. Re1 Kh7 25. a4 gxf4 26. Ba3 Bg5 27. Bxd6 f3 28. Bf4 Bxf4 29. Qxf4 fxg2 30. Rxe6 1-0

[Event "Fenain op 8th"]
[Site "Fenain "]
[Date "2006.02.13"]
[Round "4"]
[White "Soyez, Cyril"]
[Black "Duee, Paul"]
[Result "1-0"]
[WhiteElo "2185"]
[BlackElo "1620"]
[PlyCount "63"]
[EventDate "2006.02.11"]
[EventType "swiss"]
[EventRounds "7"]
[EventCountry "FRA"]
[SourceTitle "EXT 2008"]
[Source "ChessBase"]
[SourceDate "2007.11.25"]
[SourceVersion "1"]
[SourceVersionDate "2007.11.25"]
[SourceQuality "1"]

1. c4 e6 2. g3 d5 3. Bg2 Nf6 4. Nf3 Nbd7 5. 0-0 c6 6. cxd5 exd5 7. d4 Be7 8. Nc3 0-0 9. Ne5 Nb6 10. e4 dxe4 11. Nxe4 Nxe4 12. Bxe4 f6 13. Ng6 hxg6 14. Bxg6 Qd5 15. Re1 Bb4 16. Be4 Qe6 17. Bh7+ Kxh7 18. Rxe6 Bxe6 19. a3 Bd6 20. Qf3 Nd5 21. Qe4+ f5 22. Qxe6 Bc7 23. Qe2 Bb6 24. Be3 g6 25. h4 f4 26. gxf4 Nxf4 27. Bxf4 Rxf4 28. Qe7+ Kg8 29. Qg5 Raf8 30. Qxg6+ Kh8 31. Qh6+ Kg8 32. Kh1 1-0